La república del Uruguay y España (Record no. 54367)

MARC details
000 -LEADER
campo de control de longitud fija 00675nam a22001815i 4500
001 - NÚMERO DE CONTROL
campo de control 54367
003 - IDENTIFICADOR DE NÚMERO DE CONTROL
campo de control ES-MaACL
005 - FECHA Y HORA DE LA ÚLTIMA TRANSACCIÓN
campo de control 20230906162937.0
007 - CAMPO FIJO DE DESCRIPCIÓN FÍSICA--INFORMACIÓN GENERAL
campo de control de longitud fija t|
008 - DATOS DE LONGITUD FIJA--INFORMACIÓN GENERAL
campo de control de longitud fija 960718s1888 uy ||||1| spa d
040 ## - FUENTE DE CATALOGACIÓN
Centro catalogador/agencia de origen CAM
Lengua de catalogación spa
Centro/agencia transcriptor CAM
100 1# - ENTRADA PRINCIPAL--NOMBRE DE PERSONA
Nombre de persona Fontán e Illas, Constante G.
9 (RLIN) 51591
245 13 - MENCIÓN DEL TÍTULO
Título La república del Uruguay y España
Resto del título : estudio estadístico para la Exposición Internacional de Barcelona en 1888 /
Mención de responsabilidad, etc. por Constante G. Fontan e Illas.
260 ## - PUBLICACIÓN, DISTRIBUCIÓN, ETC.
Lugar de publicación, distribución, etc. Montevideo :
Nombre del editor, distribuidor, etc. [s.n.],
Fecha de publicación, distribución, etc. 1888 (
Fabricante Establecimiento tipográfico de La Nación)
300 ## - DESCRIPCIÓN FÍSICA
Extensión 32 p. ;
Dimensiones 26 cm.
611 2# - PUNTO DE ACCESO ADICIONAL DE MATERIA--NOMBRE DE REUNIÓN/CONGRESO
Nombre de congreso/reunión o jurisdicción como elemento de entrada Exposición Universal.
Fecha del congreso o de la firma del tratado 1888.
Sede del congreso/Lugar de la reunión Barcelona)
9 (RLIN) 153421
852 ## - LOCALIZACIÓN
Ubicación ES-MaACL
Número de control de estantería T-450-F-4
Holdings
Estatus retirado Estado de pérdida Estado de daño No para préstamo Colección Biblioteca de origen Biblioteca actual Ubicación en estantería Fecha de adquisición Fuente de adquisición Total de préstamos Signatura topográfica completa Código de barras Visto por última vez Precio de reemplazo Tipo de ítem Koha
        Colección de folletos Biblioteca del Ateneo de Madrid Biblioteca del Ateneo de Madrid Depósito folletos 17/01/2008     T-450-F-4 1057130 23/02/2023 23/02/2023 Folleto